Temas atuais da advocacia pública / (Record no. 973)

MARC details
000 -LÍDER
Campo Fixo de Controle 00787nam a2200241 a 4500
001 - NÚMERO DE CONTROLE
Campo de Controle 973
003 - IDENTIFICAÇÃO DO NÚMERO DE CONTROLE
Campo de Controle BR-CuiBMT
005 - DATA E HORA DA ÚLTIMA ATUALIZAÇÃO
Campo de Controle 20231128213147.0
008 - DADOS FIXOS
Dados Fixos 231124s2015 bab 000 0 por d
020 ## - INTERNATIONAL STANDARD BOOK NUMBER
Nº do ISBN 9788544201381
040 ## - AGÊNCIA CATALOGADORA
Código da Agência Catalogadora BR-CuiBMT
Agência que transcreveu o registro BR-CuiBMT
080 ## - Nº DA CLASSIFICAÇÃO DECIMAL UNIVERSAL
Nº edição CDU 2007
Nº Class. CDU 347.965
090 ## - NÚMERO DE CHAMADA
Nº classificação 347.965
Cutter T278
245 00 - TÍTULO PRINCIPAL
Título principal Temas atuais da advocacia pública /
Indicação de responsabilidade coordenador: Luciano Alves Rossato ; [autores Alessandro Rodrigues Junqueira ... et al.].
260 ## - PUBLICAÇÃO, DISTRIBUIÇÃO, ETC.
Local de publicação Salvador :
Editora JusPODIVM,
Data 2015.
300 ## - DESCRIÇÃO FÍSICA
N. páginas ou volumes 492 p. ;
Dimensões 24 cm
500 ## - NOTAS GERAIS
Notas gerais Dados de autoria retirados da capa.
504 ## - NOTA DE BIBLIOGRAFIA, ETC.
Nota de bibliografia Inclui bibliografia.
650 ## - ASSUNTO TÓPICO
Cabeçalho tópico ou nome geográfico Advocacia pública
Subdivisão geográfica Brasil
700 1# - ENTRADA SECUNDÁRIA -- NOME PESSOAL
Nome pessoal Rossato, Luciano Alves
Cód. do termo explicativo org.
700 1# - ENTRADA SECUNDÁRIA -- NOME PESSOAL
Nome pessoal Junqueira, Alessandro Rodrigues
Termo de relação et al.
-- autores
942 ## - ELEMENTOS DE ENTRADA ADICIONAIS (KOHA)
Fonte de classificação ou esquema de arquivamento Classificação Decimal Universal
Tipo de item do Koha Livros
Holdings
Estado: removido Estado: perdido Fonte de classificação ou esquema de arquivamento Estado: danificado Indisponível para empréstimo Localização permanente Localização atual Data de aquisição Total Checkouts Número de Chamada completo Código de barras Date last seen Número do exemplar Preço efetivo a partir de Tipo de item (Koha)
    Classificação Decimal Universal     Biblioteca da Escola Superior de Contas do TCE/MT Biblioteca da Escola Superior de Contas do TCE/MT 24/11/2023   347.965 T278 BIBTCEMT23111040 24/11/2023 Ex. 1 24/11/2023 Livros

Powered by Koha